Ed Sheeran Songs By Synonym - Statistics

General Stats
  • This quiz has been taken 105 times
  • The average score is 9 of 15
Answer Stats
Hint Answer % Correct
Picture Photograph
91%
Irish Woman Galway Girl
87%
Form of Yourself Shape of You
79%
Grocery Store Roses Supermarket Flowers
74%
Mountain Fortress Castle on the Hill
71%
Which Knowledge Do I Have? What Do I Know?
70%
More Joyful Happier
69%
Negative Actions Bad Habits
68%
Audibly Comtemplating Thinking Out Loud
66%
Unblemished Perfect
57%
Rubber Eraser
49%
Plunge Dive
47%
Tremors Shivers
47%
Rescue Yours Truly Save Myself
39%
Double Walk 2step
34%
No matching quizzes found
Score Distribution
Percent of People with Each Score
Percentile by Number Answered
Your Score History
You have not taken this quiz